LEADER 01529nam a2200313 u 4500 001 000000025760 003 CaOOAMICUS 005 20070226111511.0 008 950919m19719999it u000 u heb u 035 $a10661784 040 $aPUL$bita 130 0 $aBiblia.$pV.T.$lEbraico.$f1971-$0(OLS)http://pul/title/35481 245 10$aMassorah gedolah, :$biuxta codicem Lenin gradensem B 19 a, /$celaboravit ediditque Gérard E. Weil .. 260 $aRomae :$bP. Institutum biblicum,$c[1971-] 300 $av. ;$c28 cm 500 $aTesto e front. in ebraico; introduzione anche in francese. 500 $a"Editio typis mandata societate ad scientiae pervestigationes promovendas Germanica (DFG) liberaliter adiuvante". 505 0 $av. I. Cataloghi. 630 04$aBiblia.$pV.T.$xManoscritti.$0(OLS)http://pul/subject/15192 630 04$aBiblia.$pV.T.$xConcordanze.$0(OLS)http://pul/subject/15193 650 04$aMasorah.$0(OLS)http://pul/subject/15194 700 1 $aWeil, Gérard Emmanuel.$0(OLS)http://pul/name/21339 710 2 $aPubli?na{llig}i{rlig}a Biblioteka (St. Petersburg, Russia).$kMss.$n(B 19 a).$0(OLS)http://pul/name/21340 850 $aPUL 852 $aPUL$W1$xSL Religione 1$y3$m1(7) G 2$j35991$nBK-PRI$b $qStampati$B35991$CPULBib$Z2$F35991 $H $81 941 1 $a8 961 $aINV: 47390 996 $6245$aMassorah gedolah, :$biuxta codicem Lenin gradensem B 19 a,$9(OLS)http://pul/title/35482 996 $6260$aRomae :$bP. Institutum biblicum$9(OLS)http://pul/publisher/59016 LEADER 01126nam a2200265 u 4500 001 000000109880 003 CaOOAMICUS 005 20080219143335.0 008 080219q1933 it u000 u ita u 040 $aPUL$bita$dLDB 100 1 $aPacchioni, Giovanni,$d1867-1946.$0(OLS)http://pul/name/18620 245 11$a[Corso di diritto civile :$bdelle leggi in generale] /$cGiovanni Pacchioni. 246 30$aDelle leggi in generale 260 $aTorino :$bGiappichelli,$c[1933] 300 $ap. 368;$c25 cm. 500 $aTitolo dedotto da altre fonti. 504 $aBibliografia in nota. 650 4$aDiritto civile$xManuali.$0(OLS)http://pul/subject/20112 850 $aPUL 852 $aPUL$W1$xDP1 Cons. Gen., Altre Classi 1$y22$m829 D 15.bis$j125818$qStampati$B124546$CPULBib$Z2$F124546 $82 941 1 $a8 961 $aEsemplare mutilo, mancante di copertina e frontespizio 996 $6246$aDelle leggi in generale$9(OLS)http://pul/title/138169 996 $6245$a[Corso di diritto civile :$bdelle leggi in generale]$9(OLS)http://pul/title/138168 996 $6260$aTorino :$bGiappichelli$9(OLS)http://pul/publisher/48244